| 000 | 00605nam a2200205Ia 4500 | ||
|---|---|---|---|
| 003 | GCL | ||
| 008 | 140319s9999 xx 000 0 ara d | ||
| 040 |
_aGCL / _cGCL |
||
| 082 | 0 | 4 |
_a502 _bع م |
| 100 | 1 | _aعطية محمد عطية | |
| 245 | 1 | 0 |
_aمفاهيم اساسية فى العلوم والرياضيات / _cعطية محمد عطية |
| 700 | 1 | _aصالح الطيطى | |
| 700 | 1 | _aصادق احمد جودة | |
| 700 | 1 | _aكامل جميس فليفل | |
| 490 |
_aكتاب _v0 |
||
| 650 | 0 | 4 | _aنظريات |
| 650 | 0 | 4 | _aالرياضيات |
| 650 | 0 | 4 | _aالعلوم |
| 942 |
_2ddc _cBK |
||
| 999 |
_c42269 _d42269 |
||